000 00383 a2200133 4500
005 20250619051238.0
020 _a9789976780765
082 _a657 NBA
111 _aThe National Board of Accountant's and Auditors Tanzania (NBAA)
245 _aB04 Public Finance and Taxation
260 _aDar es salaam,
_bNBAA,
_c2019.
300 _a464p.; ill.; figure, table
_c29cm
942 _2ddc
_cBKS
999 _c4331
_d4331